World of business an intermediate course in business
Đã lưu trong:
| Định dạng: | Sách |
|---|---|
| Được phát hành: |
1984
|
| Các nhãn: |
Thêm thẻ
Không có thẻ, Là người đầu tiên thẻ bản ghi này!
|
| Thư viện lưu trữ: | Mạng thư viện Đại học Đà Nẵng |
|---|
| LEADER | 00461nam a22001811a 4500 | ||
|---|---|---|---|
| 001 | 000037600 | ||
| 003 | 13895 | ||
| 005 | 20160412020405.0 | ||
| 008 | 160412s1984 000 | ||
| 082 | |a 4A(07)904 | ||
| 245 | |a World of business an intermediate course in business |c E.David Cotton | ||
| 260 | |c 1984 | ||
| OWN | |a LNN | ||
| 999 | |a From the UDN01 | ||
| TYP | |a Monograph | ||
| 980 | |a Mạng thư viện Đại học Đà Nẵng | ||